[Event "Go-Makkah Chess Festival 2019"]
[Site "Sousse"]
[Date "2019.09.07"]
[Round "7.5"]
[White "Alkrnaf, Mohamed Othman"]
[Black "Zrikem, Nassim"]
[Result "1-0"]
[WhiteElo "1915"]
[BlackElo "2090"]
[Annotator "NA RC"]
[PlyCount "143"]
[EventDate "2019.09.02"]
[EventType "swiss"]
[EventCountry "TUN"]
[SourceTitle "playchess.com"]
[Source "ChessBase"]
[SourceQuality "1"]
[TimeControl "5400+30"]

1. d4 {[%emt 0:01:19]} d5 {[%emt 0:00:00]} 2. Nf3 {[%emt 0:00:08]} Nf6 {[%emt 0:00:00]} 3. c4 {[%emt 0:00:22]} e6 {[%emt 0:00:00]} 4. Nc3 {[%emt 0:01:48]} Be7 {[%emt 0:00:00]} 5. Bf4 {[%emt 0:00:45]} O-O {[%emt 0:00:31]} 6. e3 {[%emt 0:00:21]} Nbd7 {[%emt 0:00:19]} 7. Bd3 {[%emt 0:01:26]} c5 {[%emt 0:02:54]} 8. O-O {[%emt 0:00:36]} cxd4 {[%emt 0:00:16]} 9. exd4 {[%emt 0:00:19]} dxc4 {[%emt 0:00:02]} 10. Bxc4 {[%emt 0:00:42]} Nb6 {[%emt 0:00:05] D40: Queen's Gambit Declined: Semi-Tarrasch with 5 e3} 11. Bb3 {[%emt 0:03:53]} Nbd5 {[%emt 0:00:43]} 12. Bd2 {[%emt 1:24:21]} (12. Bg5 b6 13. Bxf6 Nxf6 14. d5 exd5 15. Nxd5 Bc5 16. Qd3 Bb7 17. Rad1 Nxd5 18. Bxd5 Bxd5 19. Qxd5 Qxd5 20. Rxd5 {½-½ (30) Radjabov,T (2757)-Wang,Y (2736) Nanjing 2009}) 12... b6 {[%emt 0:00:26]} 13. Re1 $146 {[%emt 0:00:00]} ({Predecessor:} 13. Ne5 Bb7 14. Re1 Rc8 15. Qf3 h6 16. h3 Bd6 17. Rac1 Bb8 18. Ne4 {½-½ (32) Poludnyakov,V (2406)-Rynkevich,S (2357) ICCF email 2010}) 13... Bb7 {[%emt 0:00:25]} 14. Rc1 {[%emt 0:00:00]} Rc8 {[%emt 0:01:57]} 15. a3 {[%emt 0:00:00]} h6 {[%emt 0:00:32]} 16. h3 {[%emt 0:00:00]} Bd6 {[%emt 0:01:20]} 17. Ne5 {[%emt 0:00:00]} Nxc3 {[%emt 0:01:30]} 18. Bxc3 {[%emt 0:00:00]} Nd5 {[%emt 0:01:23]} 19. Qg4 {[%emt 0:00:00]} Bxe5 {[%emt 0:04:04]} 20. Bxd5 {[%emt 0:00:00]} Bh2+ {[%emt 0:02:49]} 21. Kxh2 {[%emt 0:00:00]} Bxd5 {[%emt 0:00:09]} 22. Bd2 {[%emt 0:00:00]} f5 {[%emt 0:01:16]} 23. Qg6 {[%emt 0:00:00]} Rf6 {[%emt 0:07:40]} 24. Qg3 {[%emt 0:00:00]} Kh7 {[%emt 0:02:38]} 25. f3 {[%emt 0:00:00]} Rc4 {[%emt 0:03:06]} 26. Rxc4 {[%emt 0:00:00]} Bxc4 {[%emt 0:00:05]} 27. Bf4 {[%emt 0:00:00]} Rg6 {[%emt 0:02:51]} 28. Qf2 {[%emt 0:00:00]} Qd5 {[%emt 0:01:12]} 29. Be5 {[%emt 0:00:00]} a5 {[%emt 0:01:18]} 30. Qc2 {[%emt 0:00:00]} Qb5 {[%emt 0:00:42]} 31. Re3 {[%emt 0:00:00]} Bf1 {[%emt 0:01:27] [#]} ({Black should try} 31... a4 $14) 32. g3 {[%emt 0:00:00]} (32. g4 $1 $16) 32... Bc4 {[%emt 0:02:12]} 33. Rc3 {[%emt 0:00:00]} Bd5 {[%emt 0:00:39]} 34. Kg2 {[%emt 0:00:00]} h5 {[%emt 0:02:05]} 35. Rc7 {[%emt 0:00:26]} (35. h4 $16) 35... h4 {[%emt 0:01:33]} 36. g4 {[%emt 0:00:23]} Bb3 $2 {[%emt 0:01:08]} (36... Bxf3+ $11 {and Black stays safe.} 37. Kxf3 Qf1+ 38. Qf2 Qxh3+ 39. Ke2 Rxg4) 37. Qf2 {[%emt 0:00:41]} fxg4 {[%emt 0:04:39]} 38. fxg4 {[%emt 0:05:26]} ({Weaker is} 38. Qxh4+ Kg8 $18) 38... Bd5+ {[%emt 0:02:46]} 39. Kh2 {[%emt 0:00:32]} Bc6 $18 {[%emt 0:02:06]} 40. Qxh4+ {[%emt 0:01:16]} Kg8 {[%emt 0:00:11]} 41. Qf2 {[%emt 0:02:44]} Bd7 {[%emt 0:03:29]} 42. Qg2 {[%emt 0:01:37]} Rh6 {[%emt 0:05:04]} 43. b3 {[%emt 0:00:07]} a4 {[%emt 0:00:49]} 44. b4 {[%emt 0:00:39]} Rg6 {[%emt 0:02:52]} 45. Qc2 {[%emt 0:00:41]} Rh6 {[%emt 0:02:13]} 46. Qc4 {[%emt 0:00:21]} Qxc4 {[%emt 0:00:13]} 47. Rxc4 {[%emt 0:00:05]} Rh7 {[%emt 0:00:26]} 48. Kg3 {[%emt 0:01:20]} g6 {[%emt 0:00:37]} 49. Rc7 {[%emt 0:00:39]} Rf7 {[%emt 0:00:51]} 50. Kh4 {[%emt 0:00:27]} Bb5 {[%emt 0:09:30]} 51. Rc8+ {[%emt 0:00:43]} Rf8 {[%emt 0:00:12]} 52. Rxf8+ {[%emt 0:00:25]} Kxf8 {[%emt 0:00:04]} 53. Bc7 {[%emt 0:00:03]} Ke7 {[%emt 0:01:45]} 54. Bxb6 {[%emt 0:00:16]} Bf1 {[%emt 0:00:05]} 55. Kg3 {[%emt 0:02:39]} g5 {[%emt 0:01:41]} 56. h4 {[%emt 0:00:00]} gxh4+ {[%emt 0:00:06]} 57. Kxh4 {[%emt 0:00:00]} Kf6 {[%emt 0:00:08]} 58. Bd8+ {[%emt 0:00:00]} Kg6 {[%emt 0:00:06]} 59. Kg3 {[%emt 0:00:00]} Bd3 {[%emt 0:01:44]} 60. Kf4 {[%emt 0:00:00]} Be2 {[%emt 0:00:11]} 61. g5 {[%emt 0:00:00]} Bd3 {[%emt 0:01:08]} 62. Ke5 {[%emt 0:00:00]} Kf7 {[%emt 0:00:05]} 63. Kd6 {[%emt 0:00:19]} Bc4 {[%emt 0:00:30]} 64. Kc5 {[%emt 0:00:25]} Bd3 {[%emt 0:00:03]} 65. b5 {[%emt 0:00:12]} Ke8 {[%emt 0:00:04]} 66. Bf6 {[%emt 0:00:12]} Kd7 {[%emt 0:00:10]} 67. Kb4 {[%emt 0:00:23]} Bc2 {[%emt 0:00:06]} 68. Ka5 {[%emt 0:00:18]} Kc7 {[%emt 0:00:08]} 69. Ka6 {[%emt 0:00:46]} Bd3 {[%emt 0:00:13]} 70. Be5+ {[%emt 0:00:04]} Kd7 {[%emt 0:00:30]} 71. Ka5 {[%emt 0:00:30]} Bc2 {[%emt 0:00:17]} 72. b6 {[%emt 0:00:04]} 1-0

[Event "Go-Makkah Chess Festival 2019"]
[Site "Sousse"]
[Date "2019.09.07"]
[Round "7.6"]
[White "Henni, Mohamed"]
[Black "Rian, Moubarak"]
[Result "1-0"]
[WhiteElo "2205"]
[BlackElo "2048"]
[Annotator "NA"]
[PlyCount "93"]
[EventDate "2019.09.02"]
[EventType "swiss"]
[EventCountry "TUN"]
[SourceTitle "playchess.com"]
[Source "ChessBase"]
[SourceQuality "1"]
[TimeControl "5400+30"]

1. e4 {[%emt 0:05:46]} e6 {[%emt 0:01:57]} 2. d4 {[%emt 0:04:58]} d5 {[%emt 0:00:08]} 3. Nd2 {[%emt 0:00:05]} Nf6 {[%emt 0:00:12]} 4. e5 {[%emt 0:00:11]} Nfd7 {[%emt 0:00:06]} 5. Ngf3 {[%emt 0:00:06]} c5 {[%emt 0:00:04]} 6. c3 {[%emt 0:00:04]} Nc6 {[%emt 0:00:07]} 7. Be2 {[%emt 0:00:47]} cxd4 {[%emt 0:00:29]} 8. cxd4 {[%emt 0:00:07]} Qb6 {[%emt 0:00:06]} 9. Nb1 {[%emt 0:09:31]} f6 {[%emt 0:01:41]} 10. exf6 {[%emt 0:05:30]} Nxf6 {[%emt 0:00:05]} 11. O-O {[%emt 0:00:12]} Bd6 {[%emt 0:00:16]} 12. Nc3 {[%emt 0:00:15]} O-O {[%emt 0:00:21]} 13. a3 {[%emt 0:04:29] C11: French: Classical System: 4 e5 and 4 Bg5 dxe4} Bd7 {[%emt 0:00:21]} 14. b4 {[%emt 0:01:23]} Rae8 {[%emt 0:05:09]} (14... Ne4 15. Na4 Qc7 16. Nc5 Rf6 17. Qd3 Nxc5 18. dxc5 Bf4 19. Bb2 Ne5 20. Nxe5 Bxe5 21. Bxe5 Qxe5 {0-1 (52) Martinez Ramirez,E (2321)-Swayams,M (2457) Barbera del Valles 2016}) 15. Bb2 {[%emt 0:01:39]} Re7 $146 {[%emt 0:01:47]} ({Predecessor:} 15... a6 16. Na4 Qc7 17. Nc5 {½-½ (29) Modder,F (1958)-Brunner,W (1756) Verden 2016}) 16. Rc1 {[%emt 0:00:56]} Be8 {[%emt 0:01:37]} 17. Na4 {[%emt 0:08:00]} Qd8 {[%emt 0:00:17]} 18. Nc5 {[%emt 0:00:32]} b6 {[%emt 0:01:16]} 19. Nd3 {[%emt 0:02:56]} Ne4 {[%emt 0:00:09]} 20. b5 {[%emt 0:05:26]} Na5 {[%emt 0:03:05]} 21. Nde5 {[%emt 0:01:23]} Rc7 {[%emt 0:00:03]} 22. a4 {[%emt 0:17:01]} Qf6 {[%emt 0:06:05]} (22... Bh5 $11 {keeps the balance.}) 23. Rxc7 {[%emt 0:02:11]} Bxc7 {[%emt 0:00:04]} 24. Ba3 {[%emt 0:00:54]} Bd6 {[%emt 0:05:18]} 25. Bxd6 {[%emt 0:00:17]} Nxd6 {[%emt 0:00:02]} 26. Qc2 {[%emt 0:00:25]} Nf5 {[%emt 0:02:46]} ({Black should try} 26... Bg6 27. Qc7 Nab7) 27. Rd1 {[%emt 0:04:55]} h5 {[%emt 0:03:47]} (27... Nh4 $16 {was necessary.}) 28. Rd3 {[%emt 0:05:09]} g5 {[%emt 0:01:24]} 29. h3 {[%emt 0:03:09]} Qg7 {[%emt 0:02:18]} 30. Qd2 {[%emt 0:03:35]} g4 {[%emt 0:04:17]} 31. hxg4 {[%emt 0:03:03]} hxg4 {[%emt 0:00:10] [#]} 32. Ng5 $1 {[%emt 0:00:06]} Nxd4 $2 {[%emt 0:01:53]} (32... Nc4 33. Nxc4 (33. Nxe6 Nxd2 34. Nxg7 Kxg7 $16) 33... dxc4 34. Nxe6 {[%mdl 64] Double Attack} Qf6) 33. Rxd4 {[%emt 0:00:24]} Qxe5 {[%emt 0:00:02]} 34. Rxg4 {[%emt 0:00:09]} Bg6 {[%emt 0:04:34]} 35. Nf3 {[%emt 0:03:28] Discovered Attack} Qa1+ {[%emt 0:00:47]} 36. Bf1 $18 {[%emt 0:00:34]} Rf6 {[%emt 0:12:22]} 37. Qh6 {[%emt 0:01:13]} Qb1 {[%emt 0:04:28]} 38. Nh4 {[%emt 0:00:30]} Kf7 {[%emt 0:00:13]} 39. Nxg6 {[%emt 0:00:07]} Rxg6 {[%emt 0:00:21]} 40. Rf4+ {[%emt 0:00:06]} Qf5 {[%emt 0:04:51]} 41. Rxf5+ {[%emt 0:00:25]} exf5 {[%emt 0:00:03]} 42. Qh7+ {[%emt 0:00:07]} Kf6 {[%emt 0:00:06]} 43. Qxa7 {[%emt 0:00:09]} Ke5 {[%emt 0:00:23]} 44. Bd3 {[%emt 0:00:41]} Nb3 {[%emt 0:02:20]} 45. Qe7+ {[%emt 0:00:42]} Re6 {[%emt 0:00:15]} 46. Qg5 {[%emt 0:00:07]} Nd4 {[%emt 0:01:05]} 47. Qe3+ {[%emt 0:00:07]} 1-0

[Event "Go-Makkah Chess Festival 2019"]
[Site "Sousse"]
[Date "2019.09.07"]
[Round "7.7"]
[White "Ameir, Moheb"]
[Black "Ahmed AlRehily"]
[Result "1-0"]
[WhiteElo "2308"]
[BlackElo "1827"]
[Annotator "TA"]
[PlyCount "143"]
[EventDate "2019.09.02"]
[EventType "swiss"]
[EventCountry "TUN"]
[SourceTitle "playchess.com"]
[Source "ChessBase"]
[SourceQuality "1"]

{[%evp 23,143,42,42,29,40,0,2,1,52,26,78,71,102,88,117,71,130,140,138,141,141,126,147,152,145,152,133,121,130,135,195,193,173,162,161,127,114,111,204,211,183,156,261,261,261,261,261,210,261,261,343,210,483,367,365,359,398,397,400,400,400,395,400,393,393,386,386,386,386,386,386,386,386,0,386,386,386,386,386,385,385,179,188,189,385,191,385,315,385,0,482,480,473,466,454,441,497,491,483,476,476,280,177,68,428,301,338,327,29963,29964,29969,29969,29966,29968,29973,29974,29976,29977,29977,29978,29977,29977]} 1. e4 e6 2. d4 d5 3. Nd2 Nf6 4. e5 Nfd7 5. Bd3 c5 6. c3 Nc6 7. Ne2 cxd4 8. cxd4 f6 9. exf6 Nxf6 10. O-O Bd6 11. Nf3 Qc7 12. Nc3 a6 13. Bd2 {C06: French Tarrasch: 3...Nf6 4 e5 Nfd7 5 Bd3 main lines} (13. Re1 O-O 14. h3 Bd7 15. Bd2 Rae8 16. Rc1 Qb8 17. Na4 e5 18. dxe5 Nxe5 19. Nxe5 Bxe5 20. Be3 Bh2+ 21. Kh1 Bf4 22. Nc5 Bxe3 23. Rxe3 Rxe3 24. fxe3 {½-½ (39) Neiksans,A (2553)-Berg,E (2536) Sweden 2019}) 13... O-O 14. Rc1 Bd7 15. Re1 {The position is equal.} Rae8 ({Black should play} 15... Ng4 $11 16. Bxh7+ Kh8) 16. Na4 Re7 (16... Qd8 $11 {keeps the balance.}) 17. Nc5 $16 Bxc5 18. Rxc5 ({Inferior is} 18. dxc5 e5 $17) 18... Qd6 $146 ({Predecessor:} 18... Qb6 19. Qc2 Nb4 20. Qb3 {1-0 (33) Abramova,Y (1969)-Gubernatorova,L (2200) Sochi 2016}) 19. Ne5 Nxd4 (19... Ne4 $142) 20. Bb4 Nc6 21. Nxc6 Bxc6 22. a3 {[#] Hoping for Rxc6!} Qd7 23. Rc1 Rfe8 {Black wants to play ...Rf7.} 24. Bxe7 Rxe7 25. f4 Qd6 26. Qd2 e5 (26... Qb8 $16 27. g3 Re8) 27. fxe5 $18 Rxe5 28. Rxe5 Qxe5 29. Re1 Qd4+ 30. Qe3 Qxe3+ (30... Qxb2 $16 31. Bxa6 Ne4) 31. Rxe3 $16 {[%mdl 4096] Endgame KRB-KBN} Kf7 32. h3 Ne4 (32... g6 $16 {is a better defense.} 33. Kf2 Nd7) 33. Bxe4 $18 dxe4 {KR-KB} 34. Kf2 Kf6 35. Rc3 Ke5 36. Ke3 g5 37. Rc1 h5 $2 {[#]} (37... Kf5 {was worth a try.} 38. Rf1+ Kg6) 38. h4 $1 {[%mdl 512]} gxh4 39. Rh1 Kf5 40. Rxh4 Kg5 41. g3 Bd5 42. Rf4 Bc6 43. Rf7 Kg4 44. Rg7+ Kf5 45. Kd4 Kf6 46. Rc7 Kf5 47. Ke3 Kg4 48. Rg7+ Kf5 49. Kf2 Kf6 50. Rg8 Kf5 51. Rd8 Kg4 52. Rd4 (52. Rh8 $142 Bd5 53. a4) 52... Kh3 53. Rd6 Kg4 $2 (53... e3+ 54. Kxe3 Kxg3 55. Rg6+ Kh3) 54. Rf6 (54. Rg6+ $142 Kf5 55. Rh6) 54... Kg5 $2 (54... e3+ {was necessary.} 55. Kxe3 Kxg3 56. Rg6+ Kh4) 55. Rf4 Kg6 56. Ke3 Kg5 $1 57. Kd4 Kg6 58. b3 Kg5 59. a4 Kg6 60. Rf8 Kg5 61. Rg8+ Kf5 62. Ke3 (62. a5 $142 Kf6 63. Rh8) 62... Bd5 63. Re8 ({White should try} 63. Rh8 $18) 63... Bc6 $2 {[%mdl 8192]} ({Better is} 63... a5 $14) 64. Re7 Kg4 65. Re5 Kxg3 $2 (65... Bd7 $18 66. Kxe4 Bc6+ 67. Ke3 Bd7) 66. Rxh5 {White mates.} Kg4 67. Rc5 Be8 68. Kxe4 Bf7 69. b4 Be8 70. a5 Ba4 71. Rc7 Kg5 72. Ke5 {Accuracy: White = 63%, Black = 29%.} 1-0

[Event "Go-Makkah Chess Festival 2019"]
[Site "Sousse"]
[Date "2019.09.07"]
[Round "7.8"]
[White "Rian, Saad"]
[Black "Al Ghamdi, Ahmed M"]
[Result "1/2-1/2"]
[WhiteElo "2100"]
[BlackElo "2113"]
[Annotator "NA"]
[PlyCount "108"]
[EventDate "2019.09.02"]
[EventType "swiss"]
[EventCountry "TUN"]
[SourceTitle "playchess.com"]
[Source "ChessBase"]
[SourceQuality "1"]
[TimeControl "5400+30"]

1. c4 {[%emt 1:30:30]} Nf6 {[%emt 0:00:58]} 2. Nc3 {[%emt 0:00:00]} g6 {[%emt 0:00:05]} 3. g3 {[%emt 0:00:00]} Bg7 {[%emt 0:00:07]} 4. Bg2 {[%emt 0:00:00]} d6 {[%emt 0:00:30]} 5. Nf3 {[%emt 0:00:00]} O-O {[%emt 0:00:06]} 6. O-O {[%emt 0:00:00]} Nc6 {[%emt 0:01:11]} 7. d3 {[%emt 0:00:00]} e5 {[%emt 0:01:06]} 8. Bg5 {[%emt 0:00:00]} h6 {[%emt 0:00:21]} 9. Bxf6 {[%emt 0:00:00]} Qxf6 {[%emt 0:00:05]} 10. Rb1 {[%emt 0:00:00]} a5 {[%emt 0:02:50]} 11. a3 {[%emt 0:00:00]} Qd8 {[%emt 0:02:44]} 12. b4 {[%emt 0:00:00]} axb4 {[%emt 0:00:06]} 13. axb4 {[%emt 0:00:00]} f5 {[%emt 0:00:59] A26: English Opening vs King's Indian with ...Nc6 and d3} (13... Ne7 14. b5 c6 15. Qb3 Be6 16. Nd2 d5 17. bxc6 bxc6 18. Qc2 Nf5 19. Nb3 Nd4 20. Nxd4 exd4 21. cxd5 cxd5 {½-½ (73) Sargissian,G (2671)-Mamedov,R (2637) Khanty-Mansiysk 2013}) 14. b5 {[%emt 0:00:00]} Nb8 $146 {[%emt 0:01:49]} ({Predecessor:} 14... Ne7 $5 15. Nd2 (15. Qb3 Be6 $11) 15... g5 16. Qb3 Kh8 17. Ra1 Rb8 18. Ra7 f4 19. Rfa1 Nf5 20. Ra8 Nd4 21. Qd1 Rxa8 22. Rxa8 {1-0 (56) Goletiani,R (2391)-Ju,W (2443) Ningbo 2009}) 15. Qc2 {[%emt 0:00:00]} Nd7 {[%emt 0:01:24]} 16. Ra1 {[%emt 0:00:00]} Rb8 {[%emt 0:00:01]} 17. Ra7 {[%emt 0:00:00]} Nc5 {[%emt 0:00:45]} 18. Nd2 {[%emt 0:00:00]} Kh8 {[%emt 0:01:13]} 19. Nb3 {[%emt 0:00:00]} Ne6 {[%emt 0:00:44]} 20. Rfa1 {[%emt 0:00:00]} e4 {[%emt 0:09:51]} 21. dxe4 {[%emt 0:00:00]} f4 {[%emt 0:03:43]} 22. Ra8 {[%emt 0:00:00]} Rxa8 {[%emt 0:00:01]} 23. Rxa8 {[%emt 0:00:00]} fxg3 {[%emt 0:00:05]} 24. hxg3 {[%emt 0:00:00]} Qf6 {[%emt 0:00:14]} 25. Nd1 {[%emt 0:00:00]} h5 {[%emt 0:04:31]} 26. Qd3 {[%emt 0:00:00]} Ng5 {[%emt 0:04:27]} 27. f4 {[%emt 0:00:00]} Nf7 {[%emt 0:00:29]} 28. Ne3 {[%emt 0:00:00]} c6 {[%emt 0:03:34]} 29. bxc6 {[%emt 0:00:00]} bxc6 {[%emt 0:00:02]} 30. Nf1 {[%emt 0:00:00]} Nh6 {[%emt 0:00:42]} (30... g5 $11) 31. e3 {[%emt 0:00:00]} Ng4 {[%emt 0:02:11]} (31... c5 $16) 32. Qd2 {[%emt 0:00:00]} Be6 {[%emt 0:02:21]} 33. Rxf8+ {[%emt 0:00:00]} Qxf8 {[%emt 0:02:32]} 34. Nd4 {[%emt 0:00:00]} Bxc4 {[%emt 0:03:55]} 35. Nxc6 {[%emt 0:00:00]} Qf6 {[%emt 0:06:01]} 36. Na5 {[%emt 0:00:00]} Bg8 {[%emt 0:03:32]} 37. Bf3 {[%emt 0:00:00]} Nh6 {[%emt 0:01:48]} (37... Qc3 $14) 38. Nb7 {[%emt 0:00:00]} Nf7 {[%emt 0:02:30]} 39. Kg2 {[%emt 0:00:00]} Qe7 {[%emt 0:03:34]} 40. Qb4 {[%emt 0:00:00]} Qc7 {[%emt 0:00:35]} 41. Be2 {[%emt 0:00:00]} Qc2 {[%emt 0:01:49]} 42. Kf2 $11 {[%emt 0:00:00]} ({Better is} 42. Kf3 $16) 42... Bc3 {[%emt 0:04:12]} 43. Qb5 {[%emt 0:00:00]} Qxe4 {[%emt 0:03:53]} 44. Bf3 {[%emt 0:00:54]} Qc2+ {[%emt 0:00:25]} 45. Qe2 {[%emt 0:00:06]} Qc1 {[%emt 0:01:16]} 46. Qd1 {[%emt 0:02:35]} Qb2+ {[%emt 0:00:10]} 47. Qe2 {[%emt 0:00:08]} Qb4 {[%emt 0:00:18]} 48. Qd3 {[%emt 0:00:45]} Kg7 {[%emt 0:00:13]} 49. Bd5 {[%emt 0:01:25]} Nh6 {[%emt 0:04:41]} 50. Bxg8 {[%emt 0:01:08]} Ng4+ {[%emt 0:00:20]} 51. Kg1 {[%emt 0:01:09]} Qxb7 {[%emt 0:03:07]} 52. Be6 {[%emt 0:00:17]} Qh1+ {[%emt 0:01:15]} 53. Kxh1 {[%emt 0:17:33]} Nf2+ {[%emt 0:21:09]} 54. Kg2 Nxd3 {[%emt 0:00:30]} 1/2-1/2

[Event "Go-Makkah Chess Festival 2019"]
[Site "Sousse"]
[Date "2019.09.07"]
[Round "7.9"]
[White "Ben Brahem, Aymen"]
[Black "Ben Ghanem, Hamed"]
[Result "0-1"]
[WhiteElo "2010"]
[BlackElo "2064"]
[Annotator "NA"]
[PlyCount "108"]
[EventDate "2019.09.02"]
[EventType "swiss"]
[EventCountry "TUN"]
[SourceTitle "playchess.com"]
[Source "ChessBase"]
[SourceQuality "1"]
[TimeControl "5400+30"]

1. d4 {[%emt 0:00:00]} d5 {[%emt 0:00:00]} 2. Bf4 {[%emt 0:00:00]} Nf6 {[%emt 0:00:00]} 3. e3 {[%emt 0:00:00]} c5 {[%emt 0:00:00]} 4. c3 {[%emt 0:00:22]} Nc6 {[%emt 0:00:00]} 5. Nd2 {[%emt 0:00:41]} cxd4 {[%emt 0:00:06]} 6. exd4 {[%emt 0:00:20] D00: 1 d4 d5: Unusual lines} Bf5 {[%emt 0:00:33]} 7. Ngf3 {[%emt 0:02:03]} e6 {[%emt 0:00:09]} 8. Qb3 {[%emt 0:00:18]} Qc8 {[%emt 0:00:12]} 9. Nh4 {[%emt 0:00:37]} Be4 {[%emt 0:00:41]} 10. Nxe4 {[%emt 0:00:44]} dxe4 {[%emt 0:00:04]} 11. g3 {[%emt 0:03:37]} Be7 {[%emt 0:00:05]} 12. Bh3 $146 {[%emt 0:06:43]} ({Predecessor:} 12. Ng2 Nd5 {0-1 (46) Meier,G (2630)-Karjakin,S (2783) chess.com INT 2017}) 12... h6 {[%emt 0:08:57]} 13. Ng2 {[%emt 0:07:45]} g5 {[%emt 0:04:56]} 14. Be5 {[%emt 0:00:20]} Nxe5 {[%emt 0:00:06]} 15. dxe5 {[%emt 0:00:11]} Nd7 {[%emt 0:00:46]} 16. O-O-O {[%emt 0:10:09]} Qc6 {[%emt 0:03:37]} 17. Ne3 {[%emt 0:13:59]} O-O-O {[%emt 0:08:13]} 18. Rhe1 {[%emt 0:10:43]} Nc5 {[%emt 0:05:17]} 19. Qc4 {[%emt 0:08:06]} Nd3+ {[%emt 0:00:45]} 20. Rxd3 {[%emt 0:00:20]} exd3 {[%emt 0:00:12]} 21. Qxc6+ {[%emt 0:03:05]} bxc6 {[%emt 0:00:07]} 22. Nc4 {[%emt 0:01:59]} Kc7 {[%emt 0:03:20]} 23. Kd2 {[%emt 0:04:12]} Bc5 {[%emt 0:03:11]} 24. b4 {[%emt 0:01:31]} Bb6 {[%emt 0:04:33]} ({Much weaker is} 24... Bxf2 $6 25. Rf1 $11) 25. Nd6 {[%emt 0:01:38]} (25. a4 $1 $15) 25... Rd7 {[%emt 0:01:44]} 26. Kxd3 {[%emt 0:03:35]} Bxf2 {[%emt 0:04:16]} 27. Rf1 {[%emt 0:00:47]} Bb6 {[%emt 0:00:08]} 28. c4 {[%emt 0:00:24] [#]} c5 $1 {[%emt 0:02:10]} 29. a3 {[%emt 0:01:00]} f5 {[%emt 0:00:22]} 30. g4 {[%emt 0:02:15] [#]} f4 $1 {[%emt 0:02:48]} 31. Ke4 $19 {[%emt 0:02:58]} (31. Bg2 $142) 31... Kd8 {[%emt 0:03:58]} 32. Rb1 {[%emt 0:01:42]} Ke7 {[%emt 0:01:01]} 33. Rb2 {[%emt 0:01:34]} Rb8 {[%emt 0:05:53]} 34. bxc5 {[%emt 0:01:14]} Bc7 {[%emt 0:00:17]} 35. Rb4 {[%emt 0:00:42]} Rdd8 {[%emt 0:01:09]} 36. Nb5 {[%emt 0:03:23]} a5 {[%emt 0:02:43]} 37. Ra4 {[%emt 0:02:18]} Rd1 {[%emt 0:08:43]} 38. Nxc7 {[%emt 0:04:08]} Rb3 {[%emt 0:00:17]} 39. Nd5+ {[%emt 0:00:04]} exd5+ {[%emt 0:00:08]} 40. cxd5 {[%emt 0:00:08]} Re3+ {[%emt 0:00:09]} 41. Kf5 {[%emt 0:00:04]} Rxd5 {[%emt 0:00:17]} 42. Bf1 {[%emt 0:01:11]} Rexe5+ {[%emt 0:03:10]} 43. Kg6 {[%emt 0:00:04]} Re6+ {[%emt 0:00:31]} 44. Kg7 {[%emt 0:00:03]} Rxc5 {[%emt 0:00:27]} 45. Rd4 {[%emt 0:00:21]} Rc7 {[%emt 0:00:25]} 46. Bb5 {[%emt 0:00:15]} Rb6 {[%emt 0:01:19]} 47. Bc4 {[%emt 0:02:16]} f3 {[%emt 0:00:35]} 48. Bf7 {[%emt 0:02:33]} f2 {[%emt 0:01:29]} 49. Re4+ {[%emt 0:00:51]} Kd6 {[%emt 0:00:46]} 50. Re6+ {[%emt 0:00:13]} Kc5 {[%emt 0:00:15]} 51. Re5+ {[%emt 0:00:02]} Kd4 {[%emt 0:00:22]} 52. Rf5 {[%emt 0:00:36]} Ke3 {[%emt 0:00:05]} 53. Kg8 {[%emt 0:01:00]} Rb8+ {[%emt 0:00:07]} 54. Kg7 {[%emt 0:00:07]} Rbb7 {[%emt 0:00:04]} 0-1

[Event "Go-Makkah Chess Festival 2019"]
[Site "Sousse"]
[Date "2019.09.07"]
[Round "8.1"]
[White "Miezis, Normunds"]
[Black "Kohlweyer, Bernd"]
[Result "1/2-1/2"]
[WhiteElo "2486"]
[BlackElo "2319"]
[Annotator "TA"]
[PlyCount "120"]
[EventDate "2019.09.02"]
[EventType "swiss"]
[EventCountry "TUN"]
[SourceTitle "playchess.com"]
[Source "ChessBase"]
[SourceQuality "1"]

{[%evp 9,120,4,10,0,0,0,1,0,0,17,20,14,11,18,23,2,22,20,8,5,11,20,33,21,22,0,0,0,0,0,37,44,29,25,29,-17,75,78,86,86,273,275,276,283,281,281,273,266,262,61,123,66,45,43,74,22,22,22,24,22,24,16,29,14,17,17,26,0,0,0,0,0,0,0,0,0,0,0,0,0,0,0,24,0,0,0,0,0,0,0,0,0,0,0,0,0,0,0,0,0,0,0,0,-51,0,0,0,0,0,0,0,0,0]} 1. c4 e6 2. e4 d5 3. exd5 exd5 4. d4 Nf6 5. Nc3 Be6 6. cxd5 {C01: French: Exchange Variation} Nxd5 7. Nf3 Nc6 (7... Be7 8. Bd3 O-O 9. O-O Nc6 10. Re1 Re8 11. h3 Bf6 12. Bb5 Nxc3 13. bxc3 Bd5 14. Rxe8+ Qxe8 {1-0 (34) Miezis,N (2547)-Kortschnoj,V (2567) Puhajarve 2011}) 8. Bb5 f6 $146 ({Predecessor:} 8... Qd7 9. Ne5 Nxc3 10. bxc3 Qd5 11. Qa4 Qxg2 12. Bg5 Bd6 13. Bxc6+ bxc6 14. Qxc6+ Qxc6 15. Nxc6 Bd5 {0-1 (15) Li,R (1446)-Liu,X (1712) Auckland 2019}) 9. O-O Qd7 10. Re1 {Nxd5 is the strong threat.} O-O-O 11. Bd2 a6 12. Ba4 $1 Nb6 13. Bxc6 $1 Qxc6 14. Rc1 $1 Qd7 15. Bf4 Bd6 16. Bxd6 Qxd6 17. Ne4 Qf4 18. g3 Qg4 19. Qc2 {[%csl Gc1][%cal Rc2c7]} c6 20. Nfd2 $36 {[%mdl 2048] White is pushing.} Rhe8 21. f3 Qg6 $1 22. Nb3 (22. Qc5 $5 {[%cal Rc5b6]} Kc7 23. a4 $11) 22... Qf7 (22... Bd5 $11 {remains equal.}) 23. Na5 $1 $16 {[%cal Ra5c6] And now Nxc6! would win.} Kb8 24. Nxb7 Kxb7 $2 (24... Qxb7 $16 {was worth a try.} 25. Nc5 Qc8) 25. Qxc6+ $18 Ka7 {aiming for ...Bd5.} 26. Nd6 Rxd6 27. Qxd6 {Rc7+ would kill now.} Nd5 28. Re4 ({Weaker is} 28. Rc6 Bc8 $16) 28... Bc8 29. Qc5+ $2 ({Worse is} 29. Rxe8 Qxe8 30. Qc5+ Kb8 $11) (29. Rc5 $1 $18 Bb7 30. Rxd5 $1 {[%mdl 512]} Bxd5 31. Qc5+ Kb7 32. Rxe8 {[%mdl 64] Overworked Piece} Qxe8 33. Qxd5+ Qc6 34. Qe4) 29... Kb8 $1 $14 {[#]} 30. Rce1 (30. Qxd5 $1 $16 Qxd5 31. Rxe8) 30... Rxe4 $1 31. fxe4 Nc7 32. Rc1 (32. b3 $16) 32... Qd7 $11 33. d5 Bb7 34. Qf8+ Ka7 35. a4 Ne8 {Threatening ...Nd6.} 36. Qc5+ Kb8 37. Qd4 Nd6 38. b3 Nf7 39. Rc3 h5 40. Qf2 Qe7 41. Qf4+ Ne5 42. h3 Qa3 43. Qd2 Qd6 44. Qd4 Qa3 45. Qd2 Qd6 46. a5 g5 47. Qd4 Qa3 48. Qd2 Qd6 49. Qd4 Qa3 50. Qc5 Qb2 51. Qd6+ Ka7 52. Qc5+ Kb8 53. Qf8+ Ka7 54. Qc5+ Kb8 55. d6 Qb1+ 56. Rc1 ({Better is} 56. Kf2 $11) 56... Qxe4 ({Black should try} 56... Qxb3 $15 57. Qc3 Qxc3 58. Rxc3 Bc6) 57. Qc7+ {The position is equal.} (57. Qb6 $2 {leads to mate.} Qg2#) 57... Ka7 {[%csl Gb7][%cal Re4g2]} (57... Ka8 $5 58. Qd8+ $8 {[%mdl 64] Double Attack} Ka7 59. Qb6+ Ka8 60. Qd8+ {[%mdl 64] Double Attack} Ka7 61. Qb6+ Ka8 62. Qd8+ $11 {[%mdl 64] Double Attack}) 58. Qb6+ Ka8 {[%csl Gb7][%cal Re4g2]} 59. Qd8+ {[%mdl 64] Double Attack} Ka7 {[%csl Gb7][%cal Re4g2]} 60. Qb6+ Ka8 {Accuracy: White = 60%, Black = 80%.} 1/2-1/2